000 00394pam a2200157 a 4500
020 _a9780340942031
_c
041 _h
082 _a617.3
_bSIV
100 _aSIVANATHAN S., SHERRY E., WARNKE P.
245 _aMERCER`S T/B OF ORTHOPAEDICS AND TRAUMA
_hTextual Documents
250 _a10.
260 _bHODDER ARNOLD
_c2012
300 _a1598:
_bXVIII;
_cPB.
930 _a5591
999 _c800118
_d800118
650 _aORTHO